[Event "African Online-ch O50-Seniors 2021"]
[Site "Online"]
[Date "2021.02.01"]
[Round "3.2"]
[White "Flora, Francisco Jose Estev"]
[Black "Molapo, Joang"]
[Result "1/2-1/2"]
[WhiteElo "1808"]
[BlackElo "1607"]
[Annotator "NA RC"]
[PlyCount "108"]
[EventDate "2021.02.01"]
[EventType "swiss"]
[EventCountry "NET"]
[SourceTitle "playchess.com"]
[Source "ChessBase"]
[SourceQuality "1"]
[TimeControl "1500+10"]

1. d4 {[%emt 0:00:14]} d5 {[%emt 0:01:25]} 2. Nf3 {[%emt 0:00:22]} Nf6 {[%emt 0:00:07]} 3. c4 {[%emt 0:00:15]} c6 {[%emt 0:00:05]} 4. e3 {[%emt 0:00:18]} e6 {[%emt 0:00:17]} 5. Bd3 {[%emt 0:00:19]} Bd6 {[%emt 0:00:09]} 6. Nc3 {[%emt 0:00:20]} Nbd7 {[%emt 0:00:07]} 7. Rg1 {[%emt 0:00:30]} e5 {[%emt 0:00:07]} 8. dxe5 {[%emt 0:00:27]} Nxe5 {[%emt 0:00:04]} 9. Nxe5 {[%emt 0:00:53]} Bxe5 {[%emt 0:00:06]} 10. cxd5 {[%emt 0:00:45]} Bxc3+ {[%emt 0:00:23]} 11. bxc3 {[%emt 0:00:19]} Qxd5 {[%emt 0:00:07]} 12. Qc2 {[%emt 0:01:14]} Be6 {[%emt 0:00:23]} 13. f3 {[%emt 0:00:49]} Rd8 {[%emt 0:00:19]} 14. Ke2 {[%emt 0:00:56]} O-O {[%emt 0:00:09]} 15. Rd1 {[%emt 0:01:30]} Qh5 {[%emt 0:00:10]} 16. h3 {[%emt 0:00:33]} Rfe8 {[%emt 0:02:16]} 17. Kf2 {[%emt 0:00:19]} Qh4+ {[%emt 0:00:10]} 18. Kg1 {[%emt 0:00:22]} Qg3 {[%emt 0:00:09]} 19. Qf2 {[%emt 0:00:24]} Qxf2+ {[%emt 0:00:07]} 20. Kxf2 {[%emt 0:00:14]} Bc4 {[%emt 0:00:12]} 21. Be2 {[%emt 0:01:27]} Bxe2 {[%emt 0:01:16]} 22. Rxd8 {[%emt 0:00:32]} Rxd8 {[%emt 0:00:04]} 23. Kxe2 {[%emt 0:00:09]} Nd5 {[%emt 0:00:18]} 24. Bd2 {[%emt 0:00:56]} b5 {[%emt 0:00:14]} 25. a4 {[%emt 0:00:32]} a6 {[%emt 0:00:05]} 26. axb5 {[%emt 0:00:13]} axb5 {[%emt 0:00:04]} 27. Ra6 {[%emt 0:00:33]} Rc8 {[%emt 0:00:08]} 28. e4 {[%emt 0:00:32]} Nf6 {[%emt 0:00:08]} 29. Bf4 {[%emt 0:00:55]} h6 {[%emt 0:00:12]} 30. Ke3 {[%emt 0:00:45]} Nd7 {[%emt 0:00:06]} 31. Bd6 {[%emt 0:00:29]} Nf6 {[%emt 0:00:17]} 32. Kd4 {[%emt 0:00:32]} Ne8 {[%emt 0:00:42]} 33. Kc5 {[%emt 0:01:21]} Nxd6 {[%emt 0:00:10]} 34. Kxd6 {[%emt 0:00:13]} Rd8+ {[%emt 0:00:11]} 35. Kxc6 {[%emt 0:00:27]} Rd3 {[%emt 0:00:08]} 36. Kxb5 {[%emt 0:00:34]} Rxc3 {[%emt 0:00:03]} 37. Ra2 {[%emt 0:00:12]} Kh7 {[%emt 0:00:05]} 38. Kb4 {[%emt 0:00:30]} Rc1 {[%emt 0:00:08]} 39. Kb3 {[%emt 0:01:07]} h5 {[%emt 0:00:25]} 40. Rc2 {[%emt 0:00:23]} Rd1 {[%emt 0:00:45]} 41. Kc3 {[%emt 0:00:17]} Rd7 {[%emt 0:00:08]} 42. Rd2 {[%emt 0:00:23]} Ra7 {[%emt 0:00:06]} 43. Kd4 {[%emt 0:00:23]} g5 {[%emt 0:00:08]} 44. Ke5 {[%emt 0:00:28]} Kg6 {[%emt 0:00:04]} 45. Kd4 {[%emt 0:01:27]} f6 {[%emt 0:00:10]} 46. Rc2 {[%emt 0:00:28]} Rd7+ {[%emt 0:00:12]} 47. Ke3 {[%emt 0:00:13]} h4 {[%emt 0:00:06]} 48. Rc6 {[%emt 0:00:28]} Kf7 {[%emt 0:00:25]} 49. Rc5 {[%emt 0:00:41]} Ra7 {[%emt 0:00:12]} 50. Kf2 {[%emt 0:00:41]} Ra2+ {[%emt 0:00:09]} 51. Kg1 {[%emt 0:00:12]} Ra7 {[%emt 0:00:10]} 52. Kf2 {[%emt 0:00:18]} Ra2+ {[%emt 0:00:07]} 53. Kg1 {[%emt 0:00:11]} Ra1+ {[%emt 0:00:03]} 54. Kf2 {[%emt 0:00:10]} Ra2+ {[%emt 0:00:03]} 1/2-1/2

[Event "African Online-ch O50-Seniors 2021"]
[Site "Online"]
[Date "2021.02.01"]
[Round "3.3"]
[White "Belabbas, Haddouche"]
[Black "Fernandes, Luis De Pina"]
[Result "0-1"]
[WhiteElo "1776"]
[BlackElo "1601"]
[Annotator "NA RC"]
[PlyCount "68"]
[EventDate "2021.02.01"]
[EventType "swiss"]
[EventCountry "NET"]
[SourceTitle "playchess.com"]
[Source "ChessBase"]
[SourceQuality "1"]
[TimeControl "1500+10"]

1. d4 {[%emt 0:00:00]} Nf6 {[%emt 0:00:06]} 2. Nf3 {[%emt 0:00:05]} g6 {[%emt 0:00:18]} 3. Bf4 {[%emt 0:00:04]} Bg7 {[%emt 0:00:14]} 4. e3 {[%emt 0:00:03]} d5 {[%emt 0:00:13]} 5. h3 {[%emt 0:00:25]} a6 {[%emt 0:00:32]} 6. a4 {[%emt 0:00:06]} Nbd7 {[%emt 0:01:18]} 7. Bd3 {[%emt 0:00:18]} c5 {[%emt 0:01:34]} 8. c3 {[%emt 0:00:05]} c4 {[%emt 0:00:12]} 9. Bc2 {[%emt 0:00:10]} Qb6 {[%emt 0:00:30]} 10. Qc1 {[%emt 0:00:03]} Qc6 {[%emt 0:00:47]} 11. O-O {[%emt 0:01:58]} O-O {[%emt 0:00:03]} 12. Nbd2 {[%emt 0:00:42]} Nh5 {[%emt 0:02:36]} 13. Bh2 {[%emt 0:00:40]} f5 {[%emt 0:00:06]} 14. b3 {[%emt 0:01:44]} b5 {[%emt 0:00:07]} 15. axb5 {[%emt 0:01:58]} axb5 {[%emt 0:00:07]} 16. Rxa8 {[%emt 0:03:27]} Qxa8 {[%emt 0:00:04]} 17. Qb2 {[%emt 0:00:04]} Ndf6 {[%emt 0:00:52]} 18. Ra1 {[%emt 0:01:03]} Qc6 {[%emt 0:00:04]} 19. Ne5 {[%emt 0:00:20]} Qe6 {[%emt 0:01:56]} 20. f3 {[%emt 0:05:09]} Ne8 {[%emt 0:00:23]} 21. Ra5 {[%emt 0:01:21]} Nd6 {[%emt 0:00:21]} 22. bxc4 {[%emt 0:02:04]} bxc4 {[%emt 0:00:15]} 23. Ra7 {[%emt 0:00:30]} f4 {[%emt 0:00:10]} 24. e4 {[%emt 0:00:24]} Bxe5 {[%emt 0:00:15]} 25. dxe5 {[%emt 0:01:43]} Qxe5 {[%emt 0:00:18]} 26. exd5 {[%emt 0:01:03]} Qe3+ {[%emt 0:00:16]} 27. Kh1 {[%emt 0:00:31]} Qxa7 {[%emt 0:00:04]} 28. Ne4 {[%emt 0:00:08]} Qe3 {[%emt 0:01:42]} 29. Bg1 {[%emt 0:00:07]} Ng3+ {[%emt 0:00:36]} 30. Kh2 {[%emt 0:00:11]} Qe1 {[%emt 0:01:12]} 31. Nc5 {[%emt 0:02:24]} Bxh3 {[%emt 0:01:54]} 32. Ne6 {[%emt 0:00:35]} Bxe6 {[%emt 0:00:13]} 33. dxe6 {[%emt 0:00:04]} Nf1+ {[%emt 0:00:14]} 34. Kh1 {[%emt 0:00:15]} Qh4+ {[%emt 0:00:09]} 0-1

[Event "African Online-ch O50-Seniors 2021"]
[Site "Online"]
[Date "2021.02.01"]
[Round "3.4"]
[White "Ohlson, Cecil"]
[Black "Slami, Zoheir"]
[Result "0-1"]
[WhiteElo "1652"]
[BlackElo "1932"]
[Annotator "TA"]
[PlyCount "62"]
[EventDate "2021.02.01"]
[EventType "swiss"]
[EventCountry "NET"]
[SourceTitle "playchess.com"]
[Source "ChessBase"]
[SourceQuality "1"]

{[%evp 9,61,0,0,0,0,0,0,-2,41,0,42,27,99,52,90,88,108,98,164,156,155,147,171,166,458,455,527,541,533,540,527,511,690,687,708,654,700,652,648,645,732,740,704,670,735,726,760,743,756,768,966,-710,-724,-29999]} 1. e4 c5 2. d3 d6 3. f4 Nf6 4. Be2 g6 5. Nf3 Bg7 6. O-O {B20: Sicilian: Unusual White 2nd moves.} O-O 7. Qe1 Nc6 8. Qh4 {[#] The position is equal.} h5 $146 ({Predecessor:} 8... Bg4 9. Bd1 e6 10. Nbd2 Nd4 11. Nxd4 Bxd1 12. Nxe6 fxe6 13. Rxd1 Nxe4 14. Qxd8 Bd4+ {½-½ (58) Fedorov,A (2563)-Mamedov,R (2650) Minsk 2015}) 9. Kh1 (9. f5 $5) 9... Bg4 10. f5 Bxf3 (10... gxf5 $11 {remains equal.} 11. h3 fxe4 12. dxe4 Bxf3 13. gxf3 Ne5) 11. Bxf3 Nd4 12. Bd1 Nh7 13. c3 Bf6 14. Qg3 $18 Be5 15. Bf4 Bxf4 16. Rxf4 g5 $2 {[#]} (16... Qb6 17. b3 (17. cxd4 $2 Qxb2 {[%mdl 64] Double Attack} 18. Rf1 Qxa1 $19) (17. fxg6 $2 fxg6 18. Bb3+ Nxb3 $19) 17... Nc6 18. Bxh5 (18. fxg6 fxg6 19. Rf5 Kh8 $14) 18... Kh8) 17. cxd4 Kh8 18. Rf2 h4 19. Qe3 cxd4 20. Qxd4+ f6 21. Bb3 Qa5 {With the idea ...Qe1+.} 22. Nc3 Rac8 23. Qd5 Qb6 24. Rc2 h3 25. d4 hxg2+ 26. Kxg2 g4 27. Kg3 Ng5 28. Kxg4 Rg8 29. Kf4 Qa6 30. Qb5 $4 {[%mdl 8192] [#]} (30. Ke3 $18) 30... Rxc3 $1 $19 {[%cal Rg5h3][%mdl 512]} 31. Qxa6 (31. bxc3 Qxb5) 31... Nh3# {Quite a comeback for Black.  Weighted Error Value: White=0.11/Black=0.50} 0-1

[Event "African Online-ch O50-Seniors 2021"]
[Site "Online"]
[Date "2021.02.01"]
[Round "3.5"]
[White "Kpodo, Evans Mawuko"]
[Black "Mukabi, John"]
[Result "0-1"]
[WhiteElo "1654"]
[BlackElo "1820"]
[Annotator "NA RC"]
[PlyCount "82"]
[EventDate "2021.02.01"]
[EventType "swiss"]
[EventCountry "NET"]
[SourceTitle "playchess.com"]
[Source "ChessBase"]
[SourceQuality "1"]
[TimeControl "1500+10"]

1. e4 {[%emt 0:00:00]} c5 {[%emt 0:00:11]} 2. Nf3 {[%emt 0:17:46]} e6 {[%emt 0:00:13]} 3. d4 {[%emt 0:00:47]} cxd4 {[%emt 0:00:07]} 4. Nxd4 {[%emt 0:00:44]} Nc6 {[%emt 0:00:09]} 5. Be3 {[%emt 0:00:06]} Nf6 {[%emt 0:00:10]} 6. Nc3 {[%emt 0:00:17]} Bb4 {[%emt 0:00:11]} 7. f3 {[%emt 0:00:48]} d5 {[%emt 0:00:43]} 8. Nxc6 {[%emt 0:00:28]} Bxc3+ {[%emt 0:00:20]} 9. bxc3 {[%emt 0:00:04]} bxc6 {[%emt 0:00:04]} 10. e5 {[%emt 0:00:08]} Nd7 {[%emt 0:00:56]} 11. Bf4 {[%emt 0:00:14]} Qb6 {[%emt 0:01:03]} 12. Bg3 {[%emt 0:01:25]} Qe3+ {[%emt 0:00:22]} 13. Be2 {[%emt 0:00:10]} Qxc3+ {[%emt 0:00:09]} ({Not} 13... Nxe5 14. Qd4 $11) 14. Kf1 {[%emt 0:00:04]} O-O {[%emt 0:02:00]} 15. Rb1 {[%emt 0:00:13]} Rb8 {[%emt 0:00:39]} 16. Rxb8 {[%emt 0:00:43]} Nxb8 {[%emt 0:00:06]} 17. h3 {[%emt 0:00:05]} Nd7 {[%emt 0:00:20]} 18. Kg1 {[%emt 0:00:06]} Nxe5 {[%emt 0:00:27]} 19. Be1 {[%emt 0:00:17]} Qa3 {[%emt 0:01:47]} 20. Qd4 {[%emt 0:00:15]} Ng6 {[%emt 0:00:19]} 21. Bb4 {[%emt 0:00:13]} Qc1+ {[%emt 0:06:01]} 22. Kh2 {[%emt 0:00:05]} Qxc2 {[%emt 0:02:36]} 23. Bd3 {[%emt 0:00:06]} Qa4 {[%emt 0:00:30]} 24. Bxg6 {[%emt 0:01:00]} hxg6 {[%emt 0:00:20]} 25. a3 {[%emt 0:00:31]} Re8 {[%emt 0:00:16]} 26. Qb2 {[%emt 0:00:10]} Ba6 $19 {[%emt 0:00:48]} 27. Bd6 {[%emt 0:00:36]} Qb5 {[%emt 0:00:22]} 28. Qd4 {[%emt 0:00:23]} Qb7 {[%emt 0:02:13]} 29. Bc5 {[%emt 0:00:10]} e5 {[%emt 0:00:13]} 30. Qg4 {[%emt 0:00:29]} Qc7 {[%emt 0:00:25]} 31. Qb4 {[%emt 0:00:09]} e4+ {[%emt 0:00:30]} 32. Bd6 {[%emt 0:00:04]} Qb6 {[%emt 0:00:06]} 33. Qe1 {[%emt 0:00:32]} e3 {[%emt 0:00:10]} 34. Qc1 {[%emt 0:00:21]} d4 {[%emt 0:00:49]} 35. Bc5 {[%emt 0:00:06]} Qc7+ {[%emt 0:00:07]} 36. g3 {[%emt 0:00:02]} Qe5 {[%emt 0:00:25]} 37. f4 {[%emt 0:00:13]} Qe4 {[%emt 0:00:11]} 38. Re1 {[%emt 0:00:50]} e2 {[%emt 0:00:13]} 39. Qd2 {[%emt 0:00:11]} Bd3 {[%emt 0:00:13]} 40. Rg1 {[%emt 0:00:32]} e1=Q {[%emt 0:02:14]} 41. Rxe1 {[%emt 0:00:10]} Qxe1 {[%emt 0:00:05]} 0-1

[Event "African Online-ch O50-Seniors 2021"]
[Site "Online"]
[Date "2021.02.01"]
[Round "4.2"]
[White "Slami, Zoheir"]
[Black "Kpodo, Evans Mawuko"]
[Result "1/2-1/2"]
[WhiteElo "1932"]
[BlackElo "1654"]
[Annotator "TA"]
[PlyCount "139"]
[EventDate "2021.02.01"]
[EventType "swiss"]
[EventCountry "NET"]
[SourceTitle "playchess.com"]
[Source "ChessBase"]
[SourceQuality "1"]

{[%evp 15,139,-4,-3,-12,14,-41,0,0,30,0,8,0,40,25,33,19,27,11,7,-6,0,-13,0,0,0,0,0,-20,13,6,0,-16,-14,-20,-25,-20,-16,-36,-28,-43,-35,-27,-29,-91,-91,-91,-91,-108,-39,-39,-39,-39,-39,-39,-39,-63,-39,-39,-39,-39,-39,-39,-39,-46,-39,-39,-39,-46,-35,-46,0,-30,0,-46,-46,-46,-15,-15,-15,-15,-15,-15,0,0,0,-15,0,-47,-47,-100,-100,-100,-100,-103,-25,-25,-25,-25,-25,-25,-25,-25,-25,-25,-25,-25,-25,-25,-25,-25,-25,-25,-25,-25,0,-25,0,-25,-16,-19,-19,-19,-19,-19,-19,-19]} 1. d4 Nf6 2. c4 e6 3. e3 b6 4. Nf3 Bb7 5. Nc3 Bb4 6. Bd2 O-O 7. Be2 c5 8. dxc5 Bxc5 9. O-O {E11: Bogo-Indian.} d5 10. Qc2 (10. cxd5 $11 exd5 11. a3) 10... h6 11. cxd5 Nxd5 {[#]} 12. a3 $146 ({Predecessor:} 12. Nxd5 Bxd5 13. Rfd1 Qe7 14. Bc3 a5 15. Ne5 Bd6 16. e4 Bb7 17. Qd3 Bxe5 18. Bxe5 {½-½ (55) McLeod,S (2206)-Bergmann,P (1876) LSS email 2010}) 12... Nd7 13. Rfd1 Qc8 14. Rac1 N5f6 15. b4 Be7 16. Qb3 Qb8 17. Nb5 a6 18. Nbd4 Bd5 19. Bc4 Be4 20. Bd3 Bd5 21. Qb1 Rc8 22. Rxc8+ Qxc8 23. Rc1 Qb7 24. Be2 Rc8 25. Rxc8+ Qxc8 26. h3 Ne4 27. Be1 Nc3 28. Bxc3 Qxc3 29. Bxa6 (29. Qc2 $11 {remains equal.} Qxc2 30. Nxc2) 29... Qxa3 $17 30. Bb5 Nf6 31. Nc2 {[#]} Qb3 (31... Qc3 $1 $17 32. Ncd4 g5) 32. Qxb3 $15 Bxb3 33. Nfd4 Bxc2 34. Nxc2 {[%mdl 4096] Endgame KBN-KBN} Nd5 35. Kf1 Nxb4 36. Nxb4 Bxb4 {KB-KB} 37. Ke2 Kf8 38. Kd3 Ke7 39. Kc4 Bc5 40. Kd3 Kd6 41. f3 e5 42. h4 Kd5 43. h5 (43. Bc4+ {seems wilder.} Kd6 44. Bxf7 Bb4 45. Ke2 b5 46. Bg6) 43... Bd6 44. g4 f6 45. Ba6 Bc5 46. e4+ Kd6 47. Kc4 Bf2 48. Bb5 Ke7 49. Kd5 Kf7 50. Kc4 g6 51. hxg6+ Kxg6 52. Kd5 {[#]} (52. Kd3 $15) 52... Kg5 $1 $17 53. Ke6 Bh4 54. Kd5 h5 (54... Kf4 $17 {With the idea ...Bf2.} 55. Bd7 Kxf3) 55. gxh5 $11 Kxh5 56. Bd7 Kg5 57. Kc6 Kf4 58. Bg4 Bf2 59. Kb5 Kg5 60. Bf5 Bc5 61. Bg4 Kf4 62. Bh5 Ke3 63. Bg4 Kd3 64. Bh5 Ke3 65. Bg4 Kf4 66. Bh5 f5 67. exf5 {The position is equal.} Kxf5 68. Be8 Kg5 69. Bc6 Kf4 70. Ba8 {Weighted Error Value: White=0.13/Black=0.12} 1/2-1/2

[Event "African Online-ch O50-Seniors 2021"]
[Site "Online"]
[Date "2021.02.01"]
[Round "4.3"]
[White "Fernandes, Luis De Pina"]
[Black "Ohlson, Cecil"]
[Result "1-0"]
[WhiteElo "1601"]
[BlackElo "1652"]
[Annotator "NA RC"]
[PlyCount "91"]
[EventDate "2021.02.01"]
[EventType "swiss"]
[EventCountry "NET"]
[SourceTitle "playchess.com"]
[Source "ChessBase"]
[SourceQuality "1"]
[TimeControl "1500+10"]

1. e4 {[%emt 0:00:00]} e5 {[%emt 0:00:04]} 2. Nf3 {[%emt 0:00:05]} Nc6 {[%emt 0:00:03]} 3. Bb5 {[%emt 0:00:04]} f5 {[%emt 0:00:03]} 4. d3 {[%emt 0:00:36]} fxe4 {[%emt 0:00:03]} 5. dxe4 {[%emt 0:00:03]} Nf6 {[%emt 0:00:03]} 6. Nc3 {[%emt 0:00:08]} Bb4 {[%emt 0:00:30]} 7. Bd2 {[%emt 0:02:14]} d6 {[%emt 0:01:06]} 8. Bd3 {[%emt 0:01:23]} Bg4 {[%emt 0:00:28]} 9. h3 {[%emt 0:00:10]} Bh5 {[%emt 0:00:04]} 10. a3 {[%emt 0:00:26]} Ba5 {[%emt 0:00:36]} 11. b4 {[%emt 0:00:06]} Bb6 {[%emt 0:00:05]} 12. O-O {[%emt 0:00:04]} O-O {[%emt 0:01:07]} 13. Be2 {[%emt 0:01:13]} Bxf3 {[%emt 0:02:13]} 14. Bxf3 {[%emt 0:00:09]} Nd4 {[%emt 0:00:03]} 15. Na4 {[%emt 0:02:20]} c6 {[%emt 0:02:05]} 16. Nxb6 {[%emt 0:00:13]} axb6 {[%emt 0:00:12]} 17. c3 {[%emt 0:00:05]} Nxf3+ {[%emt 0:01:17]} 18. Qxf3 {[%emt 0:00:04]} d5 {[%emt 0:00:05]} 19. Bg5 {[%emt 0:02:47]} dxe4 {[%emt 0:00:27]} 20. Qe3 {[%emt 0:01:13]} Nd5 {[%emt 0:02:23]} 21. Qg3 {[%emt 0:04:55]} Qe8 {[%emt 0:00:41]} 22. Rfe1 {[%emt 0:01:51]} Qg6 {[%emt 0:02:19]} 23. c4 {[%emt 0:02:18]} e3 {[%emt 0:03:34]} 24. Bxe3 {[%emt 0:00:39]} Qxg3 {[%emt 0:00:04]} 25. fxg3 {[%emt 0:00:04]} Nxe3 {[%emt 0:00:07]} 26. Rxe3 {[%emt 0:00:03]} Rad8 {[%emt 0:01:38]} 27. Ra2 {[%emt 0:00:27]} Rd1+ {[%emt 0:00:12]} 28. Kh2 {[%emt 0:00:03]} Rff1 {[%emt 0:00:12]} 29. g4 {[%emt 0:00:04]} Rc1 {[%emt 0:00:24]} 30. Rxe5 {[%emt 0:00:13]} Rh1+ {[%emt 0:00:27]} 31. Kg3 {[%emt 0:00:04]} Rc3+ {[%emt 0:00:02]} 32. Kh4 {[%emt 0:00:37]} Rxc4 {[%emt 0:00:04]} 33. Re7 {[%emt 0:00:10]} Rcc1 {[%emt 0:02:19]} 34. Rf2 {[%emt 0:00:06]} h6 {[%emt 0:00:14]} 35. Rxb7 {[%emt 0:00:20]} Rhf1 {[%emt 0:00:05]} 36. Rxf1 {[%emt 0:00:04]} Rxf1 {[%emt 0:00:03]} 37. Rxb6 {[%emt 0:00:01]} Ra1 {[%emt 0:00:05]} 38. Ra6 {[%emt 0:00:04]} Kf7 {[%emt 0:00:13]} 39. a4 {[%emt 0:00:02]} Ra2 {[%emt 0:00:15]} 40. Kg3 {[%emt 0:00:07]} Ke7 {[%emt 0:00:11]} 41. a5 {[%emt 0:00:03]} Kd6 {[%emt 0:00:18]} 42. Ra7 {[%emt 0:00:15]} Ra4 {[%emt 0:00:05]} 43. Rb7 {[%emt 0:00:07]} c5 {[%emt 0:00:09]} 44. bxc5+ {[%emt 0:00:03]} Kxc5 {[%emt 0:00:02]} 45. Rxg7 {[%emt 0:00:06]} Rxa5 {[%emt 0:00:04]} 46. Rg6 {[%emt 0:00:02]} 1-0

[Event "African Online-ch O50-Seniors 2021"]
[Site "Online"]
[Date "2021.02.01"]
[Round "4.4"]
[White "Molapo, Joang"]
[Black "Belabbas, Haddouche"]
[Result "1-0"]
[WhiteElo "1607"]
[BlackElo "1776"]
[Annotator "NA RC"]
[PlyCount "60"]
[EventDate "2021.02.01"]
[EventType "swiss"]
[EventCountry "NET"]
[SourceTitle "playchess.com"]
[Source "ChessBase"]
[SourceQuality "1"]
[TimeControl "1500+10"]

1. d4 {[%emt 0:00:00]} Nf6 {[%emt 0:00:10]} 2. c4 {[%emt 0:00:11]} g6 {[%emt 0:00:06]} 3. Nc3 {[%emt 0:00:04]} Bg7 {[%emt 0:00:04]} 4. e4 {[%emt 0:00:04]} d6 {[%emt 0:00:02]} 5. Nf3 {[%emt 0:00:04]} O-O {[%emt 0:00:03]} 6. Be2 {[%emt 0:00:02]} Nbd7 {[%emt 0:00:06]} 7. O-O {[%emt 0:00:06]} c6 {[%emt 0:01:42]} 8. e5 {[%emt 0:01:52]} dxe5 {[%emt 0:00:30]} 9. dxe5 {[%emt 0:00:05]} Ng4 {[%emt 0:00:02]} 10. e6 {[%emt 0:00:06]} fxe6 {[%emt 0:00:10]} 11. Ng5 {[%emt 0:00:04]} Ngf6 {[%emt 0:05:57]} 12. Nxe6 {[%emt 0:00:20]} Qb6 {[%emt 0:00:27]} 13. Nxf8 {[%emt 0:00:07]} Nxf8 {[%emt 0:00:06]} 14. h3 {[%emt 0:00:22]} Bf5 {[%emt 0:00:24]} 15. Qb3 {[%emt 0:00:12]} Qc7 {[%emt 0:00:12]} 16. Be3 {[%emt 0:00:18]} e5 {[%emt 0:00:44]} 17. Rad1 {[%emt 0:00:38]} Be6 {[%emt 0:00:47]} 18. Qb4 {[%emt 0:00:20]} Ne8 {[%emt 0:00:53]} 19. Rd2 {[%emt 0:00:39]} Nd7 {[%emt 0:00:56]} 20. Rfd1 {[%emt 0:00:14]} Bf8 {[%emt 0:01:48]} 21. Qa4 {[%emt 0:00:06]} Nd6 {[%emt 0:01:30]} 22. g4 {[%emt 0:01:49]} a6 {[%emt 0:02:23]} 23. c5 {[%emt 0:00:43]} Nf7 {[%emt 0:01:14]} 24. Bc4 {[%emt 0:01:16]} Bd5 {[%emt 0:04:23]} 25. Nxd5 {[%emt 0:01:44]} cxd5 {[%emt 0:00:16]} 26. Bxd5 {[%emt 0:00:12]} Nf6 {[%emt 0:01:18]} 27. Bb3 {[%emt 0:00:42]} Kg7 {[%emt 0:00:46]} 28. Rd7 {[%emt 0:00:23]} Nxd7 {[%emt 0:00:37]} 29. Rxd7 {[%emt 0:00:04]} Qc6 {[%emt 0:00:36]} 30. Rxf7+ {[%emt 0:00:10]} Kh8 {[%emt 0:00:02]} 1-0

[Event "African Online-ch O50-Seniors 2021"]
[Site "Online"]
[Date "2021.02.01"]
[Round "4.5"]
[White "De Villiers, Charles"]
[Black "Flora, Francisco Jose Estev"]
[Result "1-0"]
[WhiteElo "2110"]
[BlackElo "1808"]
[Annotator "TA"]
[PlyCount "69"]
[EventDate "2021.02.01"]
[EventType "swiss"]
[EventCountry "NET"]
[SourceTitle "playchess.com"]
[Source "ChessBase"]
[SourceQuality "1"]

{[%evp 9,69,36,38,18,41,35,68,27,71,25,68,65,52,33,47,42,56,59,42,19,54,0,-4,-47,213,203,208,209,190,128,138,121,141,140,155,144,194,178,168,162,164,151,149,145,178,102,73,28,18,29,30,-38,-42,-52,-37,-38,60,14,181,179,186,6]} 1. d4 Nf6 2. Bf4 d6 3. Nc3 c6 4. e4 g6 5. Qd2 Bg7 6. h4 {B07: Pirc Defence: Miscellaneous Systems.} h5 7. Nf3 {[#]} Qa5 $146 ({Predecessor:} 7... b5 8. Bd3 Nbd7 9. e5 b4 10. exf6 bxc3 11. bxc3 Nxf6 12. O-O O-O 13. Bh6 Bg4 14. Bxg7 Kxg7 {0-1 (76) Janaszak,D (2356)-Albornoz Cabrera,C (2573) chess.com INT 2020}) 8. O-O-O {White is slightly better.} Bg4 9. Kb1 Nbd7 10. e5 dxe5 11. dxe5 Nh7 12. Bc4 $36 {[%mdl 2048] Black is under pressure.} Rd8 13. Rhe1 O-O {[#] Threatens to win with ...Nxe5.} 14. Qe3 {Hoping for e6.} Nc5 15. Rxd8 (15. a3 $14 Qb6 16. Rd4) 15... Rxd8 $11 16. Ng5 Ne6 $2 {[%mdl 8192]} (16... Nxg5 $15 {stays ahead.} 17. Bxg5 Rd7) 17. Nxe6 $18 Bxe6 18. Bxe6 fxe6 19. Qh3 (19. Bg3 $18) 19... Nf8 $16 20. a3 Qc5 21. Qg3 Qc4 22. Ne4 Rd4 23. Qe3 Qd5 24. Nc3 Qd8 25. f3 b5 26. Bg5 Kf7 27. b3 (27. g4 $18) 27... a5 28. g4 b4 $1 {[%cal Rb4c3]} 29. axb4 axb4 30. Na4 (30. Na2 $11) 30... Rd1+ $15 31. Ka2 $1 Rxe1 32. Qxe1 Qd5 (32... hxg4 $15 33. Qf2 (33. Qxb4 gxf3 34. Qf4+ {[%mdl 64] Double Attack} Ke8 $17) (33. fxg4 Qd4 $15) 33... Bxe5 34. fxg4+ Ke8) 33. Qxb4 Qd7 (33... Kg8 $11 {and Black has nothing to worry.}) 34. Qf4+ $18 Kg8 {[#]} 35. Bh6 $2 {[%mdl 32768] Weighted Error Value: White=0.25/Black=0.38. Loss on time!?} ({Better is} 35. gxh5 $1 $18 Qc7 36. Qe4) 1-0

[Event "African Online-ch O50-Seniors 2021"]
[Site "Online"]
[Date "2021.02.01"]
[Round "5.2"]
[White "Belabbas, Haddouche"]
[Black "De Villiers, Charles"]
[Result "0-1"]
[WhiteElo "1776"]
[BlackElo "2110"]
[Annotator "TA"]
[PlyCount "70"]
[EventDate "2021.02.01"]
[EventType "swiss"]
[EventCountry "NET"]
[SourceTitle "playchess.com"]
[Source "ChessBase"]
[SourceQuality "1"]

{[%evp 14,70,48,17,54,14,20,0,-2,-6,12,6,18,0,0,10,20,-12,14,10,22,19,25,17,16,13,24,21,27,-12,0,-119,-102,-107,-107,-96,0,-222,-201,-187,-190,-315,-147,-140,-135,-136,-128,-122,-115,-169,-181,-182,-211,-155,-121,-597,-587,-877,-878]} 1. d4 d6 2. Nf3 Nf6 3. Bf4 g6 4. e3 Bg7 5. h3 O-O 6. Be2 Nfd7 7. O-O e5 8. Bh2 Qe7 {A48: 1 d4 Nf6 2 Nf3 g6: Torre, London and Colle Systems.} 9. c3 f5 10. Nbd2 Kh8 {The position is equal.} 11. a4 {[%cal Ba2a4,Ba4a5][%mdl 32]} Nc6 12. a5 a6 {[#]} 13. Nc4 $146 ({Predecessor:} 13. b4 g5 14. Nb3 g4 15. hxg4 fxg4 16. Nfd2 Nf6 17. b5 axb5 18. Bxb5 Bd7 19. c4 exd4 20. exd4 {½-½ (47) Speelman,J (2517)-Howell,D (2693) London 2015}) 13... Nd8 14. b4 Nf7 15. Rc1 g5 16. Ne1 Nf6 17. dxe5 dxe5 18. Nd3 {[%cal Rd3e5]} Ne4 19. f3 Ned6 20. Nc5 f4 21. e4 h5 22. Qd2 (22. Nxd6 $11 {remains equal.} Nxd6 23. Qd5) 22... g4 $17 23. fxg4 hxg4 24. hxg4 Qg5 (24... Nxc4 $17 25. Bxc4 Nd6) 25. Qd1 (25. Nxe5 $1 $11 Nxe5 26. Bxf4) 25... Nxc4 $19 26. Bxc4 Bxg4 27. Be2 {[#]} (27. Qb3 {keeps fighting.}) 27... Bh3 (27... Rad8 $1 $19 28. Qe1 Rd6) 28. Bf3 $17 Rad8 29. Qe2 Bc8 30. Rfd1 Nd6 {[%cal Bf7d6,Bd6c4,Bc4e3][%mdl 32]} 31. Rd2 (31. Rd5 $17) 31... Rf6 $36 {[%mdl 2048] White is under strong pressure.} 32. Kf1 Rh6 33. Bg1 Rh1 34. Nd3 $2 {[%mdl 8192] [#]} (34. c4 $17) 34... Nc4 35. Rdd1 Ne3+ {[%mdl 64] Double Attack.  Weighted Error Value: White=0.73/Black=0.15} 0-1